| 000 | 00389nam a2200157 a 4500 | ||
|---|---|---|---|
| 001 | 4140 | ||
| 005 | 20140414131905.0 | ||
| 008 | 090218s19uu xx 00 eng d | ||
| 050 |
_aFIC _bSt5 2004 |
||
| 100 | _aStilton, Geronimo | ||
| 245 |
_aAttack of the bandit cats : _bBk. 1. |
||
| 260 |
_aNew York : _bScholastic. |
||
| 440 | _aGeronimo Stilton | ||
| 999 |
_c110872 _d110872 |
||